000 00592 a2200205 4500
005 20240513162704.0
010 _aB-759020
020 _a0198292043
_c0.00
035 _aB-759020
037 _bGift/Unesco
082 _a363.5492
245 _aIndian Development/
_cEdited by- Jean Dreze [and] Amartya Sen
260 _aNew Delhi
_bOxford
_c1997
270 _bNew Delhi
300 _a420 p.
_c22cm (Hb)
700 _aDrez e, Jean
_966131
700 _aSen, Amartya
_966132
942 _adpl
_cEN
_2ddc
_h363.5492
_mIND
999 _c202840
_d202840